| 000 | 03235nam a2200325Ia 4500 | ||
|---|---|---|---|
| 001 | ebr5007374 | ||
| 003 | CaPaEBR | ||
| 006 | m u | ||
| 007 | cr cn||||||||| | ||
| 008 | 011112s2001 dcua sb 100 0 eng d | ||
| 020 | _z0821349813 | ||
| 040 |
_aCaPaEBR _cCaPaEBR |
||
| 035 | _a(OCoLC)559548837 | ||
| 050 | 1 | 4 |
_aHC59.69 _b.W67 2000eb |
| 111 | 2 |
_aBank Conference on Development Economics _d(2000) |
|
| 245 | 1 | 0 |
_aAnnual World Bank Conference on Development Economics, 2000 _h[electronic resource] / _cedited by Boris Pleskovic and Nicholas Stern. |
| 260 |
_aWashington, D.C. : _bWorld Bank, _c2001. |
||
| 300 |
_aiv, 441 p. : _bill. |
||
| 504 | _aIncludes bibliographical references. | ||
| 505 | 0 | 0 |
_gIntroduction / _rBoris Pleskovic and Nicholas Stern -- _gOpening address / _rMats Karlsson -- _gKeynote address: _tDevelopment thinking at the millenium / _rJoseph E. Stiglitz -- A _tnew global consensus on helping the poorest of the poor / _rJeffrey Sachs -- _tTen years after The road to a free economy: the author's self-evaluation / _rJanos Kornai -- _gNew Development thinking _tConsensus building, knowledge, and conditionality / _rPaul Collier -- _tDevelopment strategies for the 21st century / _rDani Rodrik -- _gComments / _rNancy Birdsall, Francois Bourguignon, Fukunari Kimura -- _tRethinking aid / _rJan Wilhelm Gunning -- _tBeyond Rosenstein-Rodan: the modern theory of coordination problems in development / _rKarla Hoff -- _gComments / _rGustav Ranis, Charles C. Suludo -- _gCrises and recovery _tShaken and stirred: explaining growth volatility / _rWilliam Easterly, Roumeen Islam, Joseph E. Stiglitz -- _tCreative destruction and development: institutions, crises, and restructuring / _rRicardo J. Caballero and Mohamad L. Hammour -- _gComment / _rAbhijit V. Banerjee -- The _tEast asian crisis: two years later / _rEisuke Sakakibara -- _gComment / _rAndrew Berg -- _tMexico: five years after the crisis / _rDaniel Lederman [et al.] -- _gComment / _rAlejandro Werner -- _gCorporate governance and restructuring: lessons from transition and crises _tOwnership structure, legal protections, and corporate governance / _rI. J. Alexander Dyck -- _tCorporate governance and restructuring: lessons from transition economies / _rGerard Roland -- _gComments / _rJohn S. Earle, Rafael La Porta -- _gSocial security, public and private savings. The _tbenefits of flexible funding: implications for pension reform in an uncertain world / _rJ. Michael Orszag and Peter R. Orszag -- _tHousehold saving in East Asia and Latin America: inequality, demographics, and all that / _rOrazio P. Attanasio and Miguel Szekely -- _gComment / _rRobert Holzman. |
| 533 |
_aElectronic reproduction. _bPalo Alto, Calif. : _cebrary, _d2013. _nAvailable via World Wide Web. _nAccess may be limited to ebrary affiliated libraries. |
||
| 650 | 0 | _aEconomic policy. | |
| 651 | 0 |
_aDeveloping countries _xEconomic conditions _vCongresses. |
|
| 651 | 0 |
_aDeveloping countries _xEconomic policy _vCongresses. |
|
| 655 | 7 |
_aElectronic books. _2local |
|
| 700 | 1 | _aPleskovic, Boris. | |
| 700 | 1 |
_aStern, N. H. _q(Nicholas Herbert) |
|
| 710 | 2 | _aebrary, Inc. | |
| 856 | 4 | 0 |
_uhttp://site.ebrary.com/lib/rucke/Doc?id=5007374 _zAn electronic book accessible through the World Wide Web; click to view |
| 999 |
_c5155 _d5155 |
||